000 006170000a22001810004500
003 MACL
005 20151209150545.0
008 151209b xxu||||| |||| 00| 0 eng d
040 _aMACL
_cMACL
041 _aHindi
082 _a741.642
100 _aमंजूला सूद
_919869
245 _aभारत की जुझारू महिला प्रधानमंत्री इन्दिरा गांधी
260 _bप्रगति पब्लिशिंग हाउस
_c2010
350 _a110
650 _aचिल्‍डन बुक
_9314
942 _cHIN
_k741.642
_2ddc
999 _c46786
_d46786